01324nam a2200241 a 450000100100000000500170001000800410002702000180006804000250008610000300011124500600014126000360020130000210023750000470025895201200030595201050042595201110053095201060064195201060074795201060085395201060095999900170106500004594420201002052534.0150602s2015 dr 000 0 spa d a9789945166668 aDO-SdBNPbspacBNPHU1 aRuiz Prandy, Simón933010aPor sus frutos los conocerán. /cSimón Ruiz Prandy. aSanto Domingo :bbúho,c2015. a154 p. ;c23 cm. aIncluye datos biografícos en las solapas 001054708DSaGRbGRcHDd2015-06-02iLF1l0o p45944-30r2020-06-25te. 3w2020-06-25yLFDSZPréstamo en sala 0010718PDaPDbPDcHDd2015-06-02iLF1l0o p45944-10r2020-06-25w2020-06-25yLFPDZNo se presta 0010718PDaPDbPDcHDd2015-06-02iLF1l0o p45944-20r2020-06-25te. 2w2020-06-25yLFPDZNo se presta 00107-18PDaPDbPDcOId2015-06-02iLF1l0o p45945-10r2020-06-25w2020-06-25yLFPDZNo se presta 00107-18PDaPDbPDcOId2015-06-02iLF1l0o p45945-20r2020-06-25w2020-06-25yLFPDZNo se presta 00107-18PDaPDbPDcOId2015-06-02iLF1l0o p45945-30r2020-06-25w2020-06-25yLFPDZNo se presta 00107-18PDaPDbPDcOId2015-06-02iLF1l0o p45945-40r2020-06-25w2020-06-25yLFPDZNo se presta c45433d45433